<?xml version="1.0" encoding="UTF-8"?>
<record
    xmlns:xsi="http://www.w3.org/2001/XMLSchema-instance"
    xsi:schemaLocation="http://www.loc.gov/MARC21/slim http://www.loc.gov/standards/marcxml/schema/MARC21slim.xsd"
    xmlns="http://www.loc.gov/MARC21/slim">

  <leader>01002nam0a22002531  4500</leader>
  <controlfield tag="001">rc\825931</controlfield>
  <controlfield tag="005">20250622004639.0</controlfield>
  <datafield tag="035" ind1=" " ind2=" ">
    <subfield code="a">(NLR Aleph) 006008259</subfield>
  </datafield>
  <datafield tag="090" ind1=" " ind2=" ">
    <subfield code="a">7301150</subfield>
    <subfield code="c">7301150</subfield>
  </datafield>
  <datafield tag="100" ind1=" " ind2=" ">
    <subfield code="a">20041129d1984    |||y0rusy50      ca</subfield>
  </datafield>
  <datafield tag="101" ind1="0" ind2=" ">
    <subfield code="a">rus</subfield>
    <subfield code="a">lav</subfield>
  </datafield>
  <datafield tag="102" ind1=" " ind2=" ">
    <subfield code="a">RU</subfield>
  </datafield>
  <datafield tag="105" ind1=" " ind2=" ">
    <subfield code="a">a   |||||||||</subfield>
  </datafield>
  <datafield tag="200" ind1="1" ind2=" ">
    <subfield code="a">&#x412;&#x435;&#x441;&#x43D;&#x430; &#x41A;&#x443;&#x43B;&#x434;&#x438;&#x433;&#x438;-84</subfield>
    <subfield code="e">2-&#x439; &#x43C;&#x435;&#x436;&#x43A;&#x43B;&#x443;&#x431;. &#x43A;&#x43E;&#x43D;&#x43A;&#x443;&#x440;&#x441; &#x445;&#x443;&#x434;&#x43E;&#x436;. &#x444;&#x43E;&#x442;&#x43E;&#x433;&#x440;&#x430;&#x444;&#x438;&#x438;</subfield>
    <subfield code="e">&#x41A;&#x430;&#x442;&#x430;&#x43B;&#x43E;&#x433; &#x432;&#x44B;&#x441;&#x442;&#x430;&#x432;&#x43A;&#x438;</subfield>
    <subfield code="f">[&#x410;&#x432;&#x442;. &#x432;&#x441;&#x442;&#x443;&#x43F;. &#x441;&#x442;. &#x41D;. &#x410;&#x443;&#x437;&#x438;&#x43D;&#x44C;&#x448;]</subfield>
  </datafield>
  <datafield tag="210" ind1=" " ind2=" ">
    <subfield code="a">Kuldiga</subfield>
    <subfield code="c">&#x411;. &#x438;.</subfield>
    <subfield code="d">1984</subfield>
  </datafield>
  <datafield tag="215" ind1=" " ind2=" ">
    <subfield code="a">38 &#x441;.</subfield>
    <subfield code="c">&#x438;&#x43B;.</subfield>
    <subfield code="d">20</subfield>
  </datafield>
  <datafield tag="300" ind1=" " ind2=" ">
    <subfield code="a">&#x41F;&#x430;&#x440;&#x430;&#x43B;. &#x437;&#x430;&#x433;&#x43B;. &#x43D;&#x430; &#x43B;&#x430;&#x442;&#x44B;&#x448;. &#x44F;&#x437;.</subfield>
  </datafield>
  <datafield tag="300" ind1=" " ind2=" ">
    <subfield code="a">&#x412; &#x43D;&#x430;&#x434;&#x437;&#x430;&#x433;.: &#x41E;&#x442;&#x434;. &#x43A;&#x443;&#x43B;&#x44C;&#x442;&#x443;&#x440;&#x44B; &#x41A;&#x443;&#x43B;&#x434;&#x438;&#x433;. &#x440;-&#x43D;&#x430;, &#x41D;&#x430;&#x440;. &#x444;&#x43E;&#x442;&#x43E;&#x441;&#x442;&#x443;&#x434;&#x438;&#x44F; "&#x41A;&#x443;&#x43B;&#x434;&#x438;&#x433;&#x430;", &#x420;&#x435;&#x434;. &#x433;&#x430;&#x437;. "&#x41F;&#x430;&#x434;&#x43E;&#x43C;&#x44C;&#x44E; &#x434;&#x437;&#x438;&#x43C;&#x442;&#x435;&#x43D;&#x435;"</subfield>
  </datafield>
  <datafield tag="300" ind1=" " ind2=" ">
    <subfield code="a">&#x422;&#x435;&#x43A;&#x441;&#x442; &#x43F;&#x430;&#x440;&#x430;&#x43B;. &#x43D;&#x430; &#x440;&#x443;&#x441;. &#x438; &#x43B;&#x430;&#x442;&#x44B;&#x448;. &#x44F;&#x437;.</subfield>
  </datafield>
  <datafield tag="801" ind1=" " ind2="0">
    <subfield code="a">RU</subfield>
    <subfield code="b">NLR</subfield>
    <subfield code="g">psbo</subfield>
  </datafield>
  <datafield tag="801" ind1=" " ind2="1">
    <subfield code="a">RU</subfield>
    <subfield code="b">ELAR</subfield>
    <subfield code="2">rusmarc</subfield>
  </datafield>
  <datafield tag="852" ind1=" " ind2=" ">
    <subfield code="a">NLR</subfield>
    <subfield code="b">&#x42D;</subfield>
    <subfield code="j">&#x41A;&#x41A;900/1984</subfield>
  </datafield>
  <datafield tag="942" ind1=" " ind2=" ">
    <subfield code="c">BOOK</subfield>
  </datafield>
  <datafield tag="980" ind1=" " ind2=" ">
    <subfield code="a">NB</subfield>
  </datafield>
  <datafield tag="995" ind1=" " ind2=" ">
    <subfield code="5">2013-10-26</subfield>
    <subfield code="b">NLR02</subfield>
    <subfield code="c">NLR02</subfield>
    <subfield code="e">EST</subfield>
    <subfield code="f">6008259-10</subfield>
    <subfield code="k">&#x42D; &#x41A;&#x41A;900/1984</subfield>
    <subfield code="o">0</subfield>
    <subfield code="r">BOOK</subfield>
    <subfield code="s">_9001984</subfield>
  </datafield>
</record>
